[Event "AsianNationCup2018-WomenRapid"]
[Site "?"]
[Date "2018.07.27"]
[Round "2.7"]
[White "Karavade, Eesha"]
[Black "Alinasab, Mobina"]
[Result "1/2-1/2"]
[BlackElo "2099"]
[WhiteElo "2356"]
[LiveChessVersion "1.4.8"]

1. d4 {[%clk 0:15:17]} e6 {[%clk 0:15:13]} 2. c4 {[%clk 0:15:24]} Nf6
{[%clk 0:15:21]} 3. Nf3 {[%clk 0:15:32]} a6 {[%clk 0:15:28]} 4. Nc3
{[%clk 0:15:25]} d5 {[%clk 0:15:35]} 5. Bg5 {[%clk 0:14:18]} dxc4
{[%clk 0:15:22]} 6. e4 {[%clk 0:14:27]} b5 {[%clk 0:14:03]} 7. e5
{[%clk 0:14:32]} h6 {[%clk 0:14:11]} 8. Bh4 {[%clk 0:14:18]} g5 {[%clk 0:13:15]}
9. Nxg5 {[%clk 0:14:24]} hxg5 {[%clk 0:13:14]} 10. Bxg5 {[%clk 0:14:32]} Be7
{[%clk 0:13:14]} 11. exf6 {[%clk 0:14:19]} Bxf6 {[%clk 0:13:13]} 12. Qf3
{[%clk 0:14:01]} Bxg5 {[%clk 0:12:38]} 13. Qxa8 {[%clk 0:14:08]} Qxd4
{[%clk 0:12:19]} 14. Rd1 {[%clk 0:14:12]} Qe5+ {[%clk 0:12:28]} 15. Qe4
{[%clk 0:12:00]} Qxe4+ {[%clk 0:12:11]} 16. Nxe4 {[%clk 0:12:08]} Be7
{[%clk 0:12:16]} 17. a4 {[%clk 0:11:46]} Bb7 {[%clk 0:11:57]} 18. Nc3
{[%clk 0:11:48]} b4 {[%clk 0:10:18]} 19. Nb1 {[%clk 0:10:52]} Bd5
{[%clk 0:09:50]} 20. Rc1 {[%clk 0:10:14]} Rh4 {[%clk 0:06:31]} 21. Nd2
{[%clk 0:10:01]} Bg5 {[%clk 0:06:29]} 22. Be2 {[%clk 0:06:39]} Rd4
{[%clk 0:06:09]} 23. Rd1 {[%clk 0:06:48]} c3 {[%clk 0:01:27]} 24. bxc3
{[%clk 0:06:57]} bxc3 {[%clk 0:01:32]} 25. Nf3 {[%clk 0:07:06]} Rxd1+
{[%clk 0:01:19]} 26. Bxd1 {[%clk 0:07:15]} Bh6 {[%clk 0:00:51]} 27. Nd4
{[%clk 0:05:16]} c5 {[%clk 0:00:31]} 28. Nc2 {[%clk 0:05:24]} Bd2+
{[%clk 0:00:16]} 29. Ke2 {[%clk 0:05:10]} Nc6 {[%clk 0:00:15]} 30. f3
{[%clk 0:04:42]} Bc4+ {[%clk 0:00:13]} 31. Kf2 {[%clk 0:04:49]} Nd4
{[%clk 0:00:22]} 32. h4 {[%clk 0:04:26]} Bd3 {[%clk 0:00:28]} 33. Ne3
{[%clk 0:03:08]} c2 {[%clk 0:00:15]} 34. Nxc2 {[%clk 0:03:07]} Nxc2
{[%clk 0:00:20]} 35. Be2 {[%clk 0:03:01]} Bxe2 {[%clk 0:00:14]} 36. Kxe2
{[%clk 0:03:10]} Bh6 {[%clk 0:00:23]} 37. Kd3 {[%clk 0:02:58]} Ne3
{[%clk 0:00:22]} 38. g4 {[%clk 0:03:00]} Nd5 {[%clk 0:00:18]} 39. g5
{[%clk 0:02:59]} Bg7 {[%clk 0:00:27]} 40. h5 {[%clk 0:02:41]} Kd7
{[%clk 0:00:20]} 41. h6 {[%clk 0:02:21]} Bh8 {[%clk 0:00:28]} 42. Rb1
{[%clk 0:02:29]} Kc7 {[%clk 0:00:21]} 43. Kc4 {[%clk 0:02:35]} Bd4
{[%clk 0:00:23]} 44. a5 {[%clk 0:02:15]} Ne3+ {[%clk 0:00:19]} 45. Kd3
{[%clk 0:02:22]} Nd5 {[%clk 0:00:16]} 46. h7 {[%clk 0:02:10]} Nf4+
{[%clk 0:00:14]} 47. Kc4 {[%clk 0:02:11]} Ng6 {[%clk 0:00:20]} 48. Kd3
{[%clk 0:01:45]} Ne5+ {[%clk 0:00:18]} 49. Ke4 {[%clk 0:01:50]} Nc4
{[%clk 0:00:25]} 50. Rh1 {[%clk 0:01:57]} Nd6+ {[%clk 0:00:26]} 51. Kd3
{[%clk 0:00:43]} Bh8 {[%clk 0:00:35]} 52. Rg1 {[%clk 0:00:46]} c4+
{[%clk 0:00:40]} 53. Kc2 {[%clk 0:00:49]} Nf5 {[%clk 0:00:14]} 54. g6
{[%clk 0:00:54]} Nd4+ 55. Kd1 {[%clk 0:00:34]} fxg6 {[%clk 0:00:20]} 56. Rxg6
{[%clk 0:00:42]} c3 {[%clk 0:00:20]} 57. Rg8 {[%clk 0:00:48]} c2+
{[%clk 0:00:22]} 58. Kc1 {[%clk 0:00:51]} Be5 {[%clk 0:00:25]} 59. Rf8
{[%clk 0:00:52]} Kc6 {[%clk 0:00:14]} 60. h8=Q {[%clk 0:00:52]} Bxh8
{[%clk 0:00:19]} 61. Rxh8 {[%clk 0:01:01]} Kb5 {[%clk 0:00:17]} 62. Rh5+
{[%clk 0:00:43]} Kc4 {[%clk 0:00:14]} 63. f4 {[%clk 0:00:36]} Kd3
{[%clk 0:00:14]} 64. Rh3+ {[%clk 0:00:44]} Ke4 {[%clk 0:00:22]} 65. Kd2
{[%clk 0:00:32]} Kxf4 {[%clk 0:00:19]} 66. Rh8 {[%clk 0:00:34]} e5
{[%clk 0:00:20]} 67. Rh4+ {[%clk 0:00:30]} Kf3 {[%clk 0:00:20]} 68. Rh3+
{[%clk 0:00:36]} Ke4 {[%clk 0:00:27]} 69. Rh6 {[%clk 0:00:44]} Kd5
{[%clk 0:00:13]} 70. Rxa6 {[%clk 0:00:52]} e4 {[%clk 0:00:23]} 71. Rh6
{[%clk 0:00:47]} e3+ {[%clk 0:00:24]} 72. Kc1 {[%clk 0:00:56]} e2
{[%clk 0:00:31]} 73. Rh1 {[%clk 0:01:04]} Kc4 {[%clk 0:00:15]} 74. Kd2
{[%clk 0:01:00]} Kb3 {[%clk 0:00:12]} 75. a6 {[%clk 0:01:02]} e1=Q+
{[%clk 0:00:17]} 76. Rxe1 {[%clk 0:00:57]} Nf3+ {[%clk 0:00:24]} 77. Ke2
{[%clk 0:01:05]} Nxe1 {[%clk 0:00:32]} 78. a7 {[%clk 0:01:10]} c1=Q
{[%clk 0:00:35]} 79. a8=Q {[%clk 0:01:18]} Nc2 {[%clk 0:00:34]} 80. Qd5+
{[%clk 0:01:14]} Kb2 {[%clk 0:00:33]} 81. Qb5+ {[%clk 0:01:19]} Ka1
{[%clk 0:00:29]} 82. Qa4+ {[%clk 0:01:12]} Na3 {[%clk 0:00:24]} 83. Qd4+
{[%clk 0:01:19]} Kb1 {[%clk 0:00:29]} 84. Qd3+ {[%clk 0:01:24]} Ka1
{[%clk 0:00:22]} 85. Qd4+ {[%clk 0:01:31]} Kb1 {[%clk 0:00:21]} 86. Qd3+
{[%clk 0:01:39]} Nc2 {[%clk 0:00:29]} 87. Qb3+ {[%clk 0:01:48]} Ka1
{[%clk 0:00:36]} 88. Qa4+ {[%clk 0:01:57]} Kb2 {[%clk 0:00:40]} 89. Qb5+
{[%clk 0:02:05]} Ka3 {[%clk 0:00:40]} 90. Qa5+ {[%clk 0:02:08]} Kb3
{[%clk 0:00:48]} 91. Qd5+ {[%clk 0:02:15]} Kb2 {[%clk 0:00:51]} 92. Qb5+
{[%clk 0:02:23]} 1/2-1/2

[Event "AsianNationCup2018-WomenRapid"]
[Site "?"]
[Date "2018.07.27"]
[Round "2.8"]
[White "Zahedifar, Anahita"]
[Black "Vaishali, R"]
[Result "0-1"]
[BlackElo "2062"]
[WhiteElo "2083"]
[LiveChessVersion "1.4.8"]

1. d4 {[%clk 0:15:17]} Nf6 {[%clk 0:15:16]} 2. c4 {[%clk 0:15:25]} e6
{[%clk 0:15:24]} 3. Nc3 {[%clk 0:15:33]} Bb4 {[%clk 0:15:33]} 4. Qc2
{[%clk 0:15:42]} d6 {[%clk 0:15:41]} 5. e4 {[%clk 0:15:50]} Nbd7 {[%clk 0:15:19]}
6. a3 {[%clk 0:15:52]} Bxc3+ {[%clk 0:15:23]} 7. bxc3 {[%clk 0:16:00]} e5
{[%clk 0:15:11]} 8. Bd3 {[%clk 0:16:09]} O-O {[%clk 0:15:09]} 9. Ne2
{[%clk 0:16:17]} Re8 {[%clk 0:14:00]} 10. O-O {[%clk 0:16:10]} c5
{[%clk 0:13:24]} 11. d5 {[%clk 0:16:02]} Nf8 {[%clk 0:12:13]} 12. f4
{[%clk 0:15:46]} exf4 {[%clk 0:12:11]} 13. Bxf4 {[%clk 0:15:52]} Ng4
{[%clk 0:12:15]} 14. Ng3 {[%clk 0:14:38]} Ng6 {[%clk 0:12:01]} 15. Nf5
{[%clk 0:13:44]} Bxf5 {[%clk 0:10:16]} 16. exf5 {[%clk 0:13:52]} Nxf4
{[%clk 0:10:20]} 17. Rxf4 {[%clk 0:13:56]} Qg5 {[%clk 0:10:20]} 18. g3
{[%clk 0:11:30]} Re3 {[%clk 0:10:21]} 19. Re4 {[%clk 0:07:50]} Ne5
{[%clk 0:07:54]} 20. Bf1 {[%clk 0:03:26]} Qxf5 {[%clk 0:07:25]} 21. Bg2
{[%clk 0:03:33]} Re8 {[%clk 0:05:27]} 22. Rf1 {[%clk 0:02:52]} Qg6
{[%clk 0:02:28]} 23. Qb1 {[%clk 0:02:26]} Rxe4 {[%clk 0:02:15]} 24. Bxe4
{[%clk 0:02:32]} Qh6 {[%clk 0:02:25]} 25. Re1 {[%clk 0:01:39]} Qd2
{[%clk 0:02:08]} 26. Kh1 {[%clk 0:00:52]} g6 {[%clk 0:01:55]} 27. Bg2
{[%clk 0:00:40]} Re7 {[%clk 0:01:49]} 28. Qe4 {[%clk 0:00:22]} Qxc3
{[%clk 0:01:12]} 29. a4 {[%clk 0:00:18]} f5 {[%clk 0:00:44]} 30. Qe2
{[%clk 0:00:21]} Nd3 {[%clk 0:00:44]} 31. Qxe7 {[%clk 0:00:25]} Qxe1+
{[%clk 0:00:53]} 32. Qxe1 {[%clk 0:00:32]} Nxe1 {[%clk 0:01:02]} 33. Bf1
{[%clk 0:00:39]} Kf7 {[%clk 0:00:59]} 34. Kg1 {[%clk 0:00:46]} Nf3+
{[%clk 0:01:05]} 35. Kg2 {[%clk 0:00:55]} Nd2 {[%clk 0:01:13]} 36. Bd3
{[%clk 0:01:02]} Kf6 {[%clk 0:01:21]} 37. Kf2 {[%clk 0:01:05]} Ke5
{[%clk 0:01:18]} 38. Ke2 {[%clk 0:01:08]} Ne4 {[%clk 0:01:23]} 39. Ke3
{[%clk 0:01:16]} h5 {[%clk 0:01:26]} 40. Be2 {[%clk 0:01:20]} Nc3
{[%clk 0:01:33]} 41. Kd4+ 0-1

[Event "AsianNationCup2018-WomenRapid"]
[Site "?"]
[Date "2018.07.27"]
[Round "3.1"]
[White "Asadi, Motahare"]
[Black "Pham, Le Thao Nguyen"]
[Result "1-0"]
[BlackElo "2456"]
[WhiteElo "1825"]
[LiveChessVersion "1.4.8"]

1. Nf3 {[%clk 0:14:59]} d5 {[%clk 0:15:12]} 2. g3 {[%clk 0:15:08]} c6
{[%clk 0:15:17]} 3. Bg2 {[%clk 0:15:17]} Bf5 {[%clk 0:15:25]} 4. d3
{[%clk 0:15:26]} e6 {[%clk 0:15:30]} 5. Nc3 {[%clk 0:15:32]} h6 {[%clk 0:15:25]}
6. O-O {[%clk 0:15:37]} Nf6 {[%clk 0:15:32]} 7. Nd2 {[%clk 0:15:44]} d4
{[%clk 0:14:24]} 8. Nce4 {[%clk 0:15:44]} Be7 {[%clk 0:14:03]} 9. c3
{[%clk 0:15:25]} dxc3 {[%clk 0:13:14]} 10. bxc3 {[%clk 0:15:32]} O-O
{[%clk 0:13:14]} 11. Nxf6+ {[%clk 0:15:35]} Bxf6 {[%clk 0:13:21]} 12. d4
{[%clk 0:15:31]} e5 {[%clk 0:13:06]} 13. e4 {[%clk 0:15:35]} Be6 {[%clk 0:13:08]}
14. Nf3 {[%clk 0:15:14]} Bc4 {[%clk 0:12:42]} 15. Re1 {[%clk 0:15:21]} Nd7
{[%clk 0:12:36]} 16. Ba3 {[%clk 0:14:40]} Re8 {[%clk 0:12:38]} 17. Nd2
{[%clk 0:14:48]} Nb6 {[%clk 0:11:30]} 18. Bc5 {[%clk 0:13:13]} Ba6
{[%clk 0:11:04]} 19. Nb3 {[%clk 0:10:13]} Nc4 {[%clk 0:10:33]} 20. dxe5
{[%clk 0:08:16]} Nxe5 {[%clk 0:08:04]} 21. Bd4 {[%clk 0:08:18]} b6
{[%clk 0:07:41]} 22. f4 {[%clk 0:07:51]} Nd3 {[%clk 0:07:19]} 23. Re3
{[%clk 0:07:15]} Nb2 {[%clk 0:06:38]} 24. Qg4 {[%clk 0:05:42]} Nc4
{[%clk 0:06:27]} 25. Ree1 {[%clk 0:05:39]} Bxd4+ {[%clk 0:04:26]} 26. Nxd4
{[%clk 0:05:45]} Bc8 {[%clk 0:04:10]} 27. Qe2 {[%clk 0:05:40]} Na5
{[%clk 0:04:19]} 28. e5 {[%clk 0:05:36]} Qc7 {[%clk 0:04:16]} 29. f5
{[%clk 0:04:34]} Bd7 {[%clk 0:03:28]} 30. e6 {[%clk 0:03:37]} Rad8
{[%clk 0:03:23]} 31. Qh5 {[%clk 0:02:27]} Bc8 {[%clk 0:02:52]} 32. Re2
{[%clk 0:01:58]} c5 {[%clk 0:01:47]} 33. Nb5 {[%clk 0:02:04]} Qe7
{[%clk 0:01:55]} 34. Rae1 {[%clk 0:01:43]} fxe6 {[%clk 0:02:01]} 35. fxe6
{[%clk 0:01:45]} Rf8 {[%clk 0:01:38]} 36. Nc7 {[%clk 0:01:24]} Nc4
{[%clk 0:00:24]} 37. Nd5 {[%clk 0:01:26]} Rxd5 {[%clk 0:00:32]} 38. Bxd5
{[%clk 0:01:30]} Nd6 {[%clk 0:00:40]} 39. Qg4 {[%clk 0:01:13]} Ba6
{[%clk 0:00:23]} 40. Rf2 {[%clk 0:01:17]} Rxf2 41. Kxf2 {[%clk 0:01:25]} Bd3
{[%clk 0:00:31]} 42. Qf4 {[%clk 0:01:30]} c4 {[%clk 0:00:31]} 43. Kg1
{[%clk 0:01:33]} Kh7 {[%clk 0:00:16]} 44. Qh4 {[%clk 0:01:38]} g5
{[%clk 0:00:18]} 45. Qd4 {[%clk 0:01:44]} Nf5 {[%clk 0:00:20]} 46. Qf2
{[%clk 0:01:44]} Nd6 {[%clk 0:00:24]} 47. h4 {[%clk 0:01:42]} gxh4
{[%clk 0:00:14]} 48. gxh4 {[%clk 0:01:51]} Kg7 {[%clk 0:00:19]} 49. Kh2
{[%clk 0:01:59]} Kh7 {[%clk 0:00:27]} 50. Qg3 {[%clk 0:01:50]} Nf5
{[%clk 0:00:36]} 51. Qg4 {[%clk 0:01:53]} Nxh4 {[%clk 0:00:22]} 52. Be4+
{[%clk 0:02:02]} Bxe4 {[%clk 0:00:28]} 53. Qxe4+ {[%clk 0:02:11]} Ng6
{[%clk 0:00:36]} 54. Rg1 {[%clk 0:02:14]} 1-0

[Event "AsianNationCup2018-WomenRapid"]
[Site "?"]
[Date "2018.07.27"]
[Round "3.2"]
[White "Hoang, Thi Bao Tram"]
[Black "Alavi, Homa"]
[Result "1-0"]
[BlackElo "1978"]
[WhiteElo "2329"]
[LiveChessVersion "1.4.8"]

1. d4 {[%clk 0:15:15]} Nf6 {[%clk 0:15:19]} 2. c4 {[%clk 0:15:15]} e6
{[%clk 0:15:24]} 3. Nc3 {[%clk 0:15:20]} d5 {[%clk 0:15:32]} 4. Bg5
{[%clk 0:15:21]} Be7 {[%clk 0:15:40]} 5. e3 {[%clk 0:15:29]} c6 {[%clk 0:15:29]}
6. Nf3 {[%clk 0:15:32]} O-O {[%clk 0:15:24]} 7. Qc2 {[%clk 0:15:26]} Nbd7
{[%clk 0:15:27]} 8. a3 {[%clk 0:15:21]} a6 {[%clk 0:15:03]} 9. cxd5
{[%clk 0:14:09]} exd5 {[%clk 0:15:12]} 10. Bd3 {[%clk 0:14:17]} Re8
{[%clk 0:15:19]} 11. O-O {[%clk 0:14:20]} Nf8 {[%clk 0:15:27]} 12. Ne5
{[%clk 0:12:28]} Ng4 {[%clk 0:15:23]} 13. Bxe7 {[%clk 0:12:01]} Qxe7
{[%clk 0:15:31]} 14. Nxg4 {[%clk 0:12:05]} Bxg4 {[%clk 0:15:39]} 15. Rae1
{[%clk 0:12:11]} Qg5 {[%clk 0:13:17]} 16. Kh1 {[%clk 0:11:37]} Qh4
{[%clk 0:11:59]} 17. e4 {[%clk 0:09:38]} dxe4 {[%clk 0:11:34]} 18. Bxe4
{[%clk 0:09:42]} Re6 {[%clk 0:11:25]} 19. f3 {[%clk 0:09:26]} Bh5
{[%clk 0:10:56]} 20. g3 {[%clk 0:07:11]} Qf6 {[%clk 0:10:31]} 21. d5
{[%clk 0:07:00]} cxd5 {[%clk 0:07:31]} 22. Nxd5 {[%clk 0:07:02]} Qh6
{[%clk 0:07:15]} 23. Nf4 {[%clk 0:05:50]} Rb6 {[%clk 0:06:26]} 24. b4
{[%clk 0:04:08]} Bg6 {[%clk 0:06:10]} 25. Nxg6 {[%clk 0:04:08]} Nxg6
{[%clk 0:06:10]} 26. Qc7 {[%clk 0:03:48]} Rb5 {[%clk 0:04:15]} 27. Bxb7
{[%clk 0:03:49]} Rf8 {[%clk 0:04:08]} 28. Bxa6 {[%clk 0:03:51]} Rh5
{[%clk 0:04:08]} 29. Rf2 {[%clk 0:03:42]} Nh4 {[%clk 0:03:03]} 30. Bb7
{[%clk 0:02:57]} Ng6 {[%clk 0:02:16]} 31. f4 {[%clk 0:01:40]} Rb5
{[%clk 0:01:40]} 32. Bg2 {[%clk 0:00:39]} Qh5 {[%clk 0:01:26]} 33. Qc4
{[%clk 0:00:40]} Rfb8 {[%clk 0:01:27]} 34. Rfe2 {[%clk 0:00:39]} Nf8
{[%clk 0:01:19]} 35. Bc6 {[%clk 0:00:33]} R5b6 {[%clk 0:01:05]} 36. b5
{[%clk 0:00:38]} h6 {[%clk 0:00:36]} 37. a4 {[%clk 0:00:45]} Ne6 {[%clk 0:00:36]}
38. Re5 {[%clk 0:00:49]} Qg4 {[%clk 0:00:21]} 39. Qe4 {[%clk 0:00:48]} Rd8
{[%clk 0:00:17]} 40. f5 {[%clk 0:00:26]} Qxe4+ {[%clk 0:00:17]} 41. R5xe4
{[%clk 0:00:27]} Nc5 {[%clk 0:00:16]} 42. Re8+ {[%clk 0:00:27]} Rxe8
{[%clk 0:00:24]} 43. Rxe8+ Kh7 44. a5 {[%clk 0:00:42]} 1-0

[Event "AsianNationCup2018-WomenRapid"]
[Site "?"]
[Date "2018.07.27"]
[Round "3.3"]
[White "Mahdian, Anousha"]
[Black "Nguyen, Thi Thanh An"]
[Result "1-0"]
[BlackElo "2248"]
[WhiteElo "1789"]
[LiveChessVersion "1.4.8"]

1. d4 {[%clk 0:15:19]} g6 {[%clk 0:15:18]} 2. c4 {[%clk 0:15:25]} Bg7
{[%clk 0:15:27]} 3. Nc3 {[%clk 0:15:32]} d6 {[%clk 0:15:31]} 4. e4
{[%clk 0:15:40]} Nf6 {[%clk 0:15:38]} 5. f3 {[%clk 0:15:40]} O-O {[%clk 0:15:32]}
6. Be3 {[%clk 0:15:49]} Nc6 {[%clk 0:15:41]} 7. Nge2 {[%clk 0:15:57]} a6
{[%clk 0:15:50]} 8. Rc1 {[%clk 0:16:06]} Re8 {[%clk 0:15:55]} 9. Qd2
{[%clk 0:15:58]} Bd7 {[%clk 0:16:03]} 10. b3 e5 {[%clk 0:15:05]} 11. d5
{[%clk 0:16:15]} Nd4 {[%clk 0:14:25]} 12. Nxd4 {[%clk 0:16:01]} exd4
{[%clk 0:14:34]} 13. Bxd4 {[%clk 0:16:08]} c5 {[%clk 0:14:13]} 14. dxc6
{[%clk 0:14:00]} bxc6 {[%clk 0:14:21]} 15. Be2 {[%clk 0:14:01]} Qa5
{[%clk 0:13:15]} 16. O-O {[%clk 0:13:50]} d5 {[%clk 0:11:45]} 17. cxd5
{[%clk 0:13:34]} cxd5 {[%clk 0:11:52]} 18. exd5 {[%clk 0:11:19]} Bb5
{[%clk 0:09:23]} 19. Bc4 {[%clk 0:06:19]} Rac8 {[%clk 0:05:47]} 20. Qd3
{[%clk 0:06:28]} Bd7 {[%clk 0:02:14]} 21. Ne4 {[%clk 0:05:21]} Bf5
{[%clk 0:01:27]} 22. Rce1 {[%clk 0:02:51]} Kh8 {[%clk 0:00:23]} 23. Kh1
{[%clk 0:01:20]} 1-0

[Event "AsianNationCup2018-WomenRapid"]
[Site "?"]
[Date "2018.07.27"]
[Round "3.4"]
[White "Luong, Phuong Hanh"]
[Black "Sebt Rasoul, Seyede Setare"]
[Result "1-0"]
[BlackElo "1656"]
[WhiteElo "2173"]
[LiveChessVersion "1.4.8"]

1. d4 {[%clk 0:15:17]} Nf6 {[%clk 0:15:19]} 2. Nf3 {[%clk 0:15:25]} g6
{[%clk 0:15:28]} 3. g3 {[%clk 0:15:34]} Bg7 {[%clk 0:15:37]} 4. Bg2
{[%clk 0:15:43]} O-O {[%clk 0:15:45]} 5. O-O {[%clk 0:15:50]} d6 {[%clk 0:15:54]}
6. a4 {[%clk 0:15:59]} c6 {[%clk 0:15:46]} 7. a5 {[%clk 0:16:08]} Nbd7
{[%clk 0:15:40]} 8. Re1 {[%clk 0:16:17]} Qc7 {[%clk 0:15:46]} 9. e4
{[%clk 0:16:26]} e5 {[%clk 0:15:54]} 10. Nc3 {[%clk 0:16:34]} Re8
{[%clk 0:15:58]} 11. b3 {[%clk 0:16:32]} exd4 {[%clk 0:15:45]} 12. Nxd4
{[%clk 0:16:41]} Nc5 {[%clk 0:15:02]} 13. Bf4 {[%clk 0:16:28]} Nh5
{[%clk 0:14:07]} 14. Be3 {[%clk 0:16:22]} Ne6 {[%clk 0:14:08]} 15. Qd2
{[%clk 0:16:19]} Nf6 {[%clk 0:13:57]} 16. a6 {[%clk 0:16:20]} Nc5
{[%clk 0:13:00]} 17. Bf4 {[%clk 0:14:38]} Nxa6 {[%clk 0:12:22]} 18. Rad1
{[%clk 0:14:34]} Nh5 {[%clk 0:12:05]} 19. Bh6 {[%clk 0:14:42]} Be6
{[%clk 0:09:18]} 20. Bxg7 {[%clk 0:14:49]} Kxg7 {[%clk 0:09:15]} 21. Nxe6+
{[%clk 0:14:56]} Rxe6 {[%clk 0:09:20]} 22. Bh3 {[%clk 0:15:05]} Ree8
{[%clk 0:08:38]} 23. Qxd6 {[%clk 0:15:11]} Qxd6 {[%clk 0:08:45]} 24. Rxd6
{[%clk 0:15:19]} Rad8 {[%clk 0:07:33]} 25. Red1 {[%clk 0:15:28]} Rxd6
{[%clk 0:07:29]} 26. Rxd6 {[%clk 0:15:36]} Nf6 {[%clk 0:06:43]} 27. f3
{[%clk 0:15:44]} Nb4 {[%clk 0:06:23]} 28. Rd2 {[%clk 0:15:52]} h5
{[%clk 0:04:29]} 29. Bf1 {[%clk 0:15:59]} b5 {[%clk 0:04:13]} 30. Nd1
{[%clk 0:15:58]} a5 {[%clk 0:03:44]} 31. c3 {[%clk 0:15:56]} Na6 {[%clk 0:03:52]}
32. Rd6 {[%clk 0:16:04]} Nc5 {[%clk 0:03:31]} 33. Rxc6 {[%clk 0:16:08]} Nxb3
{[%clk 0:03:40]} 34. Bxb5 {[%clk 0:16:15]} Rd8 {[%clk 0:03:39]} 35. Ne3
{[%clk 0:16:13]} Nd2 {[%clk 0:02:31]} 36. Kg2 {[%clk 0:16:15]} Nb1
{[%clk 0:02:15]} 37. Rc7 {[%clk 0:16:05]} Rd2+ {[%clk 0:02:08]} 38. Kg1
{[%clk 0:16:14]} Na3 {[%clk 0:01:55]} 39. Ba4 {[%clk 0:15:45]} Rd3
{[%clk 0:01:50]} 40. Kf2 {[%clk 0:15:18]} Rd2+ {[%clk 0:01:56]} 41. Ke1
{[%clk 0:15:27]} Rxh2 {[%clk 0:01:34]} 42. e5 {[%clk 0:15:07]} Ng8
{[%clk 0:01:03]} 43. e6 {[%clk 0:15:09]} Nh6 {[%clk 0:01:12]} 44. e7
{[%clk 0:15:14]} 1-0

[Event "AsianNationCup2018-WomenRapid"]
[Site "?"]
[Date "2018.07.27"]
[Round "3.5"]
[White "Azali, Tannaz"]
[Black "Tokhirjonova, Gulrukhbegim"]
[Result "1-0"]
[BlackElo "2283"]
[WhiteElo "1685"]
[LiveChessVersion "1.4.8"]

1. d4 {[%clk 0:15:19]} Nf6 {[%clk 0:15:17]} 2. c4 {[%clk 0:15:27]} e6
{[%clk 0:15:26]} 3. Nc3 {[%clk 0:15:36]} d5 {[%clk 0:15:34]} 4. Bg5
{[%clk 0:15:44]} Nbd7 {[%clk 0:15:42]} 5. cxd5 {[%clk 0:15:50]} exd5
{[%clk 0:15:51]} 6. e3 {[%clk 0:15:55]} c6 {[%clk 0:15:56]} 7. Bd3
{[%clk 0:16:03]} Be7 {[%clk 0:16:03]} 8. Nge2 {[%clk 0:16:12]} Nh5
{[%clk 0:15:09]} 9. Bxe7 {[%clk 0:16:06]} Qxe7 {[%clk 0:15:18]} 10. O-O
{[%clk 0:15:36]} O-O {[%clk 0:15:17]} 11. Qc2 {[%clk 0:15:41]} Nhf6
{[%clk 0:14:36]} 12. Ng3 {[%clk 0:15:37]} Nb6 {[%clk 0:14:23]} 13. Rae1
{[%clk 0:15:32]} Qd8 {[%clk 0:14:21]} 14. f3 {[%clk 0:15:34]} Be6
{[%clk 0:14:25]} 15. Qf2 {[%clk 0:15:05]} Rc8 {[%clk 0:14:26]} 16. Nf5
{[%clk 0:12:48]} Qd7 {[%clk 0:13:39]} 17. Ng3 {[%clk 0:11:26]} Rfe8
{[%clk 0:13:22]} 18. h3 {[%clk 0:10:57]} Red8 {[%clk 0:10:43]} 19. f4
{[%clk 0:09:57]} Qc7 {[%clk 0:10:04]} 20. f5 {[%clk 0:09:50]} Bd7
{[%clk 0:10:13]} 21. e4 {[%clk 0:09:40]} dxe4 {[%clk 0:10:16]} 22. Ngxe4
{[%clk 0:09:22]} Nbd5 {[%clk 0:10:25]} 23. Nxd5 {[%clk 0:09:06]} Nxd5
{[%clk 0:08:35]} 24. f6 {[%clk 0:09:00]} Re8 {[%clk 0:05:39]} 25. fxg7
{[%clk 0:08:43]} f5 {[%clk 0:05:39]} 26. Ng5 {[%clk 0:07:52]} h6 {[%clk 0:03:23]}
27. Nf3 {[%clk 0:07:16]} Nf4 {[%clk 0:00:54]} 28. Bc2 {[%clk 0:04:49]} Ng6
{[%clk 0:00:34]} 29. Nh4 {[%clk 0:04:14]} Nxh4 {[%clk 0:00:16]} 30. Qxh4
{[%clk 0:04:21]} Kxg7 {[%clk 0:00:25]} 31. Re7+ {[%clk 0:04:16]} Rxe7
{[%clk 0:00:15]} 32. Qxe7+ {[%clk 0:04:22]} Kg6 {[%clk 0:00:21]} 33. h4
{[%clk 0:03:11]} Qd8 {[%clk 0:00:16]} 34. h5+ {[%clk 0:02:59]} Kxh5
{[%clk 0:00:25]} 35. Qf7+ {[%clk 0:03:08]} Kh4 {[%clk 0:00:18]} 36. Bxf5
{[%clk 0:02:17]} Bxf5 {[%clk 0:00:23]} 37. Qxf5 {[%clk 0:02:25]} Qxd4+
{[%clk 0:00:13]} 38. Kh1 {[%clk 0:02:28]} Qg4 {[%clk 0:00:22]} 39. Rf4
{[%clk 0:02:30]} Rg8 {[%clk 0:00:31]} 40. Rxg4+ {[%clk 0:02:30]} Rxg4
{[%clk 0:00:40]} 41. Qf6+ {[%clk 0:02:35]} Kg3 {[%clk 0:00:46]} 42. Qf3+
{[%clk 0:02:22]} Kh4 {[%clk 0:00:55]} 43. Kh2 {[%clk 0:02:24]} Kg5
{[%clk 0:01:02]} 44. Qe3+ {[%clk 0:02:30]} Kf5 {[%clk 0:01:08]} 45. Qxa7
{[%clk 0:02:34]} Rg7 {[%clk 0:01:11]} 46. a4 {[%clk 0:02:37]} Rf7
{[%clk 0:00:33]} 47. a5 {[%clk 0:02:39]} Kg6 {[%clk 0:00:40]} 48. Kg3
{[%clk 0:02:28]} Rg7 {[%clk 0:00:41]} 49. Kh4 {[%clk 0:02:31]} Rf7
{[%clk 0:00:50]} 50. g4 {[%clk 0:02:31]} Rh7 {[%clk 0:00:40]} 51. Qb8
{[%clk 0:02:22]} Rf7 {[%clk 0:00:42]} 52. Qg8+ {[%clk 0:02:15]} Rg7
{[%clk 0:00:45]} 53. Qe6+ {[%clk 0:02:23]} Kh7 {[%clk 0:00:54]} 54. Qf5+
{[%clk 0:01:58]} Kh8 {[%clk 0:00:59]} 55. Qf6 {[%clk 0:02:07]} Kh7
{[%clk 0:01:06]} 56. Kh5 {[%clk 0:02:07]} Rg5+ {[%clk 0:00:28]} 57. Qxg5
{[%clk 0:02:11]} hxg5 {[%clk 0:00:37]} 58. Kxg5 {[%clk 0:02:20]} Kg7
{[%clk 0:00:46]} 59. Kf5 Kf7 60. g5 {[%clk 0:02:34]} Kg7 {[%clk 0:01:04]} 61. Ke6
{[%clk 0:02:36]} Kg6 {[%clk 0:01:10]} 62. Kd6 {[%clk 0:02:46]} Kxg5
{[%clk 0:01:19]} 63. Kc7 {[%clk 0:02:55]} 1-0